Регионална библиотека "Любен Каравелов" - Русе

ПОЗДРАВИТЕЛЕН адрес по случай 90-год. на акад. Михаил Арнаудов от Министерство на народната просвета (Запис номер 342333)

MARC детайли
000 -Лидер
Контролно поле с фиксирана дължина 00895nam a2200253 c 4500
003 - Код на организацията, давaща контролен номер
Контролно поле BLK
005 - Дата и час на последна редакция
Контролно поле 20190913121158.0
008 - Елементи от данни с фиксирана дължина
fixed length control field 180911b bul|||||r ||||||| ||bul||
010 ## - Наследен системен номер
LC control number 001972
040 ## - Източник на каталожния запис
Идентификатор на билиотеката - собственик на записа BLK
041 ## - Код за език
Код за езика на текст/звукозапис или на отделно заглавие Български
080 ## - УДК
УДК - код + определител 394.4
100 1# - Редна дума - Автор
Автор
Авторска отговорност първи автор
245 10 - Сведения за заглавието
Заглавие ПОЗДРАВИТЕЛЕН адрес по случай 90-год. на акад. Михаил Арнаудов от Министерство на народната просвета
246 ## - Различни форми на заглавието
Паралелно заглавие Машинопис
Подзаглавни данни ПОЗДРАВИТЕЛЕН адрес
260 ## - Област на издателските данни
Място на издаване, разпространение и проч. София
Година на издаване 1968
300 ## - Физическа характеристика
Страници 1 л
Размери/Мащаб 32 см
380 ## - Жанр
Жанр Общ отдел
490 ## - СЕРИИ (Колекции)
Име на серия Частна колекция - Академик Михаил Арнаудов
Бележки за серията Дарение - Основен фонд
501 ## - Забележка „подвързано към”
Забележка: Подвързано към... Папката липсва.
655 ## - Ключова дума – жанр/разновидност
Данни за жанр/разновидност или ключова дума за фокус Юбилеи
852 ## - Местоположение
Форматна сигнатура МА 4711
942 ## - АРТИКУЛИ
Вид на библиотечния материал Книги
Скрит в OPAC Не
944 ## - СЪЗДАВАНЕ И РЕДАКЦИЯ на ЗАПИСА
Създаване/Редакция Създаване
Дата на регистрацията/редакция 1994
999 ## - СИСТЕМНИ КОНТРОЛНИ НОМЕРА
Koha biblionumber 342333
Koha biblioitemnumber 342333
Наличности
Код за отписване Код за изгубен артикул Източник на класификационната схема Код за повреда Коз за рестрикции Код за отдаване Артикулен № Име на библиотеката - собственик Име на библиотеката, в която се намира в момента Статус (Текущо местоположение) Дата на вписване в системата Местоположение - отдел Цена в лева Инвентарен номер Систематично азбучна сигнатура Баркод Цена в евро Служебен тип на артикула
  Не е изгубен Universal Decimal Classification Не е повреден само за читалня Специални фондове ( старопечатни, редки и ценни, фонд М. Арнаудов) 747630 Регионална библиотека "Любен Каравелов" Русе Регионална библиотека "Любен Каравелов" Русе Фонд "Михаил Арнаудов" 2019-10-19 Фонд "Михаил Арнаудов" 3.00 704302 МА 4711 900000001066 1.53 Книги
Vip Innovations Ltd, Rousse, Bulgaria 2025